Statistiche per Top 100 film IMDB (ITA)

Clicka qui per fare il quiz!

Statistiche generali

  • Questo quiz è stato fatto 48 volte
  • Il punteggio medio è 46 su 100

Statistiche sulle risposte

#Anno di uscitaAttore protagonistaRegistaGenereFilm% Corretto
21972Marlon BrandoFrancis Ford CoppolaGiallo/Film di misteroIl padrino
95%
271997Roberto BenigniRoberto BenigniCommedia/GuerraLa vita é bella
93%
121999Brad PittDavid FincherThriller/AzioneFight Club
88%
111994Tom HanksRobert ZemeckisCommedia/RomanticoForrest Gump
85%
72003Elijah WoodPeter JacksonCinema fantastico/AvventuraIl Signore Degli Anelli : Il ritorno del re
85%
92001Liv TylerPeter JacksonCinema fantastico/AvventuraIl Signore Degli Anelli : La Compagnia Dell'Anello
85%
132002Ian McKellenPeter JacksonCinema fantastico/AvventuraIl Signore Degli Anelli: Le Due Torri
85%
142010Leonardo DiCaprioChristopher NolanAzioneInception
85%
81994Samuel L. JacksonQuentin TarantinoGiallo/ThrillerPulp Fiction
85%
32008Christian BaleChristopher NolanAzione/GialloIl Cavaliere Oscuro
83%
362000Russell CroweRidley ScottAzione/AvventuraIl Gladiatore
83%
161999Keanu ReevesLana Wachowski, Lilly WachowskiAzione/Sci-fiMatrix
83%
641980Jack NicholsonStanley KubrickHorror/Film di misteroThe Shining
83%
921983Mark HamillGeorge Lucas, Lawrence Kasdan, Michael ArndtAzione/Sci-fiIl ritorno dello Jedi
80%
151980Carrie FisherIrvin Kershnerfantascienza, avventura, azione, fantasticoL'Impero colpisce ancora
80%
352019Cho Yeo-jeongBong Joon-HoThriller/CommediaParasite
80%
291977Harrison FordGeorge LucasSci-fi/Cinema fantasticoStar Wars
80%
11994Morgan FreemanFrank DarabontThriller/GialloLe ali della libertà
75%
562012Jamie FoxxQuentin TarantinoWestern/AzioneDjango Unchained
73%
191995Brad PittDavid FincherGiallo/Film di misteroSeven
73%
542023Cillian MurphyChristopher NolanThriller/storico
Oppenheimer
70%
332002Adrien BrodyRoman PolańskiGuerraIl Pianista
70%
581981Harrison FordSteven SpielbergAvventura/AzioneIndiana Jones : I predatori dell'arca perduta
70%
311985Michael J. FoxRobert ZemeckisSci-fi/CommediaRitorno al futuro
70%
692009Christoph WaltzQuentin TarantinoGuerra/AzioneBastardi senza gloria
68%
41974Al PacinoFrancis Ford CoppolaGiallo/DrammaticoIl padrino: parte II
68%
802019Joaquin PhoenixTodd PhillipsThriller/GialloJoker
68%
171990Joe PesciMartin ScorseseGiallo/ThrillerQuei bravi ragazzi
68%
61993Liam NeesonSteven SpielbergGuerra/DocumentarioSchindler's List
68%
222014Anne HathawayChristopher NolanSci-fi/AvventuraInterstellar
65%
841984Robert De NiroSergio LeoneGiallo/WesternC'era una volta in America
63%
101966Clint EastwoodSergio LeoneWestern/AzioneIl buono, il brutto, il cattivo
63%
231991Jodie FosterJonathan DemmeHorror/GialloIl silenzio degli innocenti
63%
341960Anthony PerkinsAlfred HitchcockHorror/GialloPsycho
63%
241998Tom HanksSteven SpielbergGuerra/AzioneSalvate il soldato Ryan
63%
402006Leonardo DiCaprioMartin ScorseseDrammatico ThrillerThe Departed
60%
422006Christian BaleChristopher NolanThriller/Sci-fiThe Prestige
60%
391998Ed NortonTony KayedrammaticoAmerican History X
58%
521979Sigourney WeaverRidley ScottHorror/Sci-fiAlien
55%
711999Kevin SpaceySam MendesCommedia/RomanticoAmerican Beauty
55%
961992Steve BuscemiQuentin TarantinoGiallo/ThrillerLe iene
55%
792019Robert Downey Jr.Anthony e Joe RussoAzione/Sci-fiAvengers: Endgame
53%
381994Jean RenoLuc BessonDrammaticoLéon
53%
941968Keir DulleaStanley KubrickSci-fi/Avventura2001: Odissea nello spazio
50%
551979Marlon BrandoFrancis Ford CoppolaGuerra/AzioneApocalypse Now
50%
181975Jack NicholsonMiloš FormanThriller/DrammaticoQualcuno volò sul nido del cuculo
50%
281999Tom HanksFrank DarabontGiallo/Cinema fantasticoIl miglio verde
48%
322001Rumi HiiragiHayao MiyazakiCinema fantastico/AvventuraLa città incantata
48%
572000Guy PearceChristopher NolanThriller/Film di misteroMemento
48%
651940Charlie ChaplinCharlie ChaplinCommedia/GuerraIl grande dittatore
45%
491988Salvatore CascioGiuseppe TornatoreThriller/DrammaticoNuovo Cinema Paradiso
45%
932004Jim CarreyMichel GondryRomantico/Sci-fiSe mi lasci ti cancello
45%
412014J.K. SimmonsDamien ChazelleMusicaWhiplash
45%
781995Mel GibsonMel GibsonGuerra/AzioneBraveheart
40%
501968Charles BronsonSergio LeoneWestern/AzioneC'era una volta il West
40%
702012Tom HardyChristopher NolanAzione/ThrillerIl cavaliere oscuro - Il ritorno
40%
431995Kevin SpaceyBryan SingerThriller/GialloI soliti sospetti
40%
721964Peter SellersStanley KubrickCommedia/GuerraIl dottor Stranamore
38%
732003Min-sik ChoiPark Chan-wookThriller/AzioneOldboy
38%
991941Orson WellesOrson WellesFilm di mistero/MysteryQuarto potere
38%
461942Humphrey BogartMichael CurtizRomantico/GuerraCasablanca
35%
211954Toshirō MifuneAkira KurosawaAzione/AvventuraI sette samurai
35%
821997Matt DamonGus Van SantThriller/RomanticoWill Hunting - Genio ribelle
35%
371994James Earl JonesRob Minkoff, Roger Allersanimazione, avventura, drammatico, musicale, commediaIl Re Leone
33%
51957Henry FondaSidney LumetGiallo/ThrillerLa parola ai giurati
33%
481936Charlie ChaplinCharlie ChaplinCommedia/RomanticoTempi moderni
33%
761995Tom HanksJohn LasseterCommedia/Cinema fantasticoToy Story
33%
632018Scarlett JohanssonAnthony e Joe RussoAzione/Sci-fiAvengers: Infinity War
30%
511954Grace KellyAlfred HitchcockThriller/Film di misteroLa finestra sul cortile
30%
201946James StewartFrank CapraCinema fantastico/CommediaLa vita é meravigliosa
30%
892000Jennifer ConnellyDarren AronofskyHorror/DrammaticoRequiem for a Dream
30%
262023Shameik MooreJoaquim Dos Santos, Justin K. Thompson, Kemp PowersAzione/Sci-fiSpider-Man: Across the Spider-Verse
30%
301991Linda HamiltonJames CameronAzione/Sci-fiTerminator 2
30%
981962Peter O'TooleDavid LeanAvventura/GuerraLawrence d'Arabia
28%
621957Kirk DouglasStanley KubrickGuerra/ThrillerOrizzonti di gloria
28%
871952Gene KellyGene Kelly, Stanley DonenMusical/CommediaCantando sotto la pioggia
23%
742017Gael García BernalAdrian Molina, Lee UnkrichCinema fantastico/AvventuraCoco
20%
902010Tim AllenLee UnkrichCommedia/Per famiglieToy Story 3
18%
441988Tsutomu TatsumiIsao TakahataGuerra/HorrorUna tomba per le lucciole
18%
751984F. Murray AbrahamMiloš FormanMusical/ThrillerAmadeus
15%
252002Alexandre RodriguesFernando Meirelles, Kátia LundGiallo/ThrillerCity of God
15%
472011Andy GarcíaBrian De PalmaThriller/GialloGli intoccabili
15%
952012Mads MikkelsenThomas VinterbergHorror/DrammaticoIl sospetto
15%
1001960Jack LemmonBilly WilderCommedia/RomanticoL'appartamento
15%
451962Tatsuya NakadaiMasaki KobayashiAzione/WesternHarakiri
13%
531931Charlie ChaplinCharlie ChaplinCommedia/RomanticoLuci della città
13%
592008Ben BurttAndrew StantonSci-fi/Per famiglieWALL-E
13%
681986Paul ReiserJames CameronHorror/AzioneAliens - Scontro finale
10%
861963Toshirō MifuneAkira KurosawaGiallo/ThrillerAnatomia di un rapimento
8%
602006Martina GedeckFlorian Henckel von DonnersmarckThriller/GuerraLe vite degli altri
8%
811997John DiMaggioHayao MiyazakiCinema fantastico/AvventuraPrincipessa Mononoke
8%
672018Hailee SteinfeldPeter Ramsey, Rodney Rothman, Robert Persichetti Jr.Azione/Sci-fiSpider-Man: Un nuovo universo
8%
611950Gloria SwansonBilly WilderNoir/CommediaViale del tramonto
8%
771981Jürgen ProchnowWolfgang PetersenGuerra/ThrillerU-Boot 96
5%
911985Aleksey KravchenkoĖlem Germanovič KlimovGuerra/HorrorVa' e vedi
5%
832016Ryūnosuke KamikiMakoto ShinkaiRomantico/Cinema fantasticoYour Name.
5%
971952Takashi ShimuraAkira KurosawaWestern/DrammaticoIkiru
3%
661957Marlene DietrichBilly WilderThriller/Film di misteroTestimone d'accusa
3%
852009Aamir KhanRajkumar HiraniCommedia/Romantico3 Idiots
0%
882018Zain Al RafeeaNadine LabakiThriller/DocumentarioCafarnao - Caos e miracoli
0%

Distribuzione punteggi

Percentile per numero di risposta

Percentuale di utenti per punteggio

I tuoi punteggi nel tempo

Non hai fatto questo quiz